Individual differences in language development /

Bibliographic Details
Main Author: Shore, Cecilia M.
Format: Book
Language:English
Published: Thousand Oaks, Calif. : Sage Publications, [1995]
Series:Sage series on individual differences and development ; vol. 7.
Subjects:

MARC

Tag First Indicator Second Indicator Subfields
LEADER 00000cam a2200000 a 4500
001 in00001237291
005 20151003062401.0
008 940902s1995 caua b 001 0 eng
010 |a  94036207  
015 |a GB95-11250 
020 |a 0803948794 
020 |a 0803948808 (pb) 
035 |a (OCoLC)31206871 
035 |9 AGS7592AM 
040 |a DLC  |c DLC  |d UKM  |d TXA  |d UtOrBLW 
049 |a TXAM 
050 0 0 |a P118.6  |b .S48 1995 
082 0 0 |a 401/.9  |2 20 
100 1 |a Shore, Cecilia M. 
245 1 0 |a Individual differences in language development /  |c Cecilia M. Shore. 
264 1 |a Thousand Oaks, Calif. :  |b Sage Publications,  |c [1995] 
264 4 |c ©1995 
300 |a xii, 148 pages :  |b illustrations ;  |c 23 cm. 
336 |a text  |b txt  |2 rdacontent 
337 |a unmediated  |b n  |2 rdamedia 
338 |a volume  |b nc  |2 rdacarrier 
490 1 |a Sage series on individual differences and development ;  |v vol. 7 
504 |a Includes bibliographical references (pages 128-135) and indexes. 
650 0 |a Language acquisition. 
650 0 |a Individual differences. 
653 0 |a Language  |a Learning 
830 0 |a Sage series on individual differences and development ;  |v vol. 7. 
999 |a MARS 
999 f f |s 648d93c8-e695-322b-8016-fadafadfb3bd  |i bbee2bc7-fb46-3980-922b-e75bf832c332  |t 0 
952 f f |p ric  |a Texas A&M University  |b Rellis Campus  |c Joint Library Facility  |s JLF  |d Remote Storage  |t 0  |e P118.6 .S48 1995  |h Library of Congress classification  |i unmediated -- volume  |m A14819108529 
998 f f |a P118.6 .S48 1995  |t 0  |l Remote Storage